Missing Word: Bird Movies Quiz Stats

 Plays Quiz Updated Feb 17, 2017

Support Sporcle.
Go Orange.
Score 0/18 Timer 03:00
0 Plays Today
Movie Title Missing Word % Correct
To Kill a ___________Mockingbird
99.2%
Black ____ DownHawk
94%
_____ HoodRobin
93.2%
The _____ Has LandedEagle
91.9%
One Flew Over the ______'s NestCuckoo
86.8%
Black ____Swan
83.5%
The _______ BriefPelican
81.5%
March of the ________Penguins
81.3%
The Maltese ______Falcon
81.1%
Movie Title Missing Word % Correct
_______ RunChicken
74.4%
____ SoupDuck
67.2%
The Wings of the ____Dove
53.4%
The ____: City of AngelsCrow
51.8%
The ____ RunnerKite
47.3%
Three Days of the ______Condor
42%
Cold ______Turkey
39.9%
The ________ KidFlamingo
22.2%
Grey ___Owl
16.9%

Today's Daily Dose

You're not logged in!

Compare scores with friends on all Sporcle quizzes.
OR
Log In
Forgot?

From the Vault

Remove Ads.
Support Sporcle.
Get the best of Sporcle when you Go Orange. This ad-free experience offers more features, more stats, and more fun while also helping to support Sporcle. Thank you for becoming a member.

Show Comments

Extras

Top Quizzes Today


Score Distribution

Your Account Isn't Verified!

In order to create a playlist on Sporcle, you need to verify the email address you used during registration. Go to your Sporcle Settings to finish the process.

Report this User

Report this user for behavior that violates our Community Guidelines.

Details: